Foye's Principles of Medicinal Chemistry. (Record no. 4237)

MARC details
000 -LEADER
fixed length control field 00588nam a22002057a 4500
003 - CONTROL NUMBER IDENTIFIER
control field OSt
005 - DATE AND TIME OF LATEST TRANSACTION
control field 20160530184852.0
008 - FIXED-LENGTH DATA ELEMENTS--GENERAL INFORMATION
fixed length control field 160530b xxu||||| |||| 00| 0 eng d
020 ## - INTERNATIONAL STANDARD BOOK NUMBER
International Standard Book Number 0683307371
040 ## - CATALOGING SOURCE
Transcribing agency DLMN.
082 ## - DEWEY DECIMAL CLASSIFICATION NUMBER
Classification number QV744W671f 2002.
100 ## - MAIN ENTRY--PERSONAL NAME
Personal name William,A.David;Lemke,L.Thomas;
9 (RLIN) 9132
245 ## - TITLE STATEMENT
Title Foye's Principles of Medicinal Chemistry.
250 ## - EDITION STATEMENT
Edition statement 5th ed.
260 ## - PUBLICATION, DISTRIBUTION, ETC. (IMPRINT)
Place of publication, distribution, etc. Philadelphia.
Name of publisher, distributor, etc. Lippincott william & Wilkins.
Date of publication, distribution, etc. 2002.
300 ## - PHYSICAL DESCRIPTION
Extent xii,1114p;
Other physical details ill;
Dimensions 29cm.
504 ## - BIBLIOGRAPHY, ETC. NOTE
Bibliography, etc Appendix and index are included.
650 ## - SUBJECT ADDED ENTRY--TOPICAL TERM
Topical term or geographic name as entry element Pharmacology.
9 (RLIN) 357
942 ## - ADDED ENTRY ELEMENTS (KOHA)
Source of classification or shelving scheme Other/Generic Classification Scheme
Koha item type Open Shelf
Holdings
Withdrawn status Lost status Source of classification or shelving scheme Damaged status Not for loan Home library Current library Date acquired Source of acquisition Inventory number Total Checkouts Full call number Barcode Date last seen Price effective from Koha item type
    Other/Generic Classification Scheme     MUST Main Library MUST Main Library 30/05/2016   05/23626   QV744W671f 2002. 2016-2256 30/05/2016 30/05/2016 Open Shelf
    Other/Generic Classification Scheme     MUST Main Library MUST Main Library 27/06/2016   05/23627   QV744W671f 2002. 2016-2752 27/06/2016 27/06/2016 Open Shelf